[Event "North Region-chB"]
[Site "Cartagena"]
[Date "2012.04.22"]
[Round "6.2"]
[White "Gomez, Perez Jaidor S"]
[Black "Zapata Riaza, Juan E"]
[Result "1-0"]
[WhiteElo "1857"]
[BlackElo "1457"]
[PlyCount "63"]
[EventDate "2012.04.19"]
[EventType "swiss"]
[EventRounds "6"]
[EventCountry "COL"]
[SourceTitle "EXT 2024"]
[Source "ChessBase"]
[SourceDate "2023.10.10"]
[SourceVersion "1"]
[SourceVersionDate "2023.10.10"]
[SourceQuality "1"]

1. e4 e5 2. Bc4 Nf6 3. d3 d6 4. c3 Be7 5. Nf3 h6 6. Nbd2 0-0 7. 0-0 b6 8. Re1 Ba6 9. Bxa6 Nxa6 10. d4 Nd7 11. dxe5 dxe5 12. Nc4 Bf6 13. Qd5 Re8 14. Rd1 Re7 15. Ncxe5 Bxe5 16. Nxe5 Rxe5 17. Qxd7 Qxd7 18. Rxd7 Rxe4 19. Be3 Rae8 20. Rad1 Kf8 21. g3 R4e7 22. Rxe7 Kxe7 23. Kg2 f5 24. h4 Kf6 25. Kf1 h5 26. b4 c6 27. Rd6+ Re6 28. Bg5+ Ke5 29. Bf4+ Kf6 30. Rd7 Re7 31. Bg5+ Kf7 32. Rxe7+ 1-0

[Event "North Region-chB"]
[Site "Cartagena"]
[Date "2012.04.19"]
[Round "1.4"]
[White "Ruiz Jaraba, Gabriel"]
[Black "Gomez, Perez Jaidor S"]
[Result "0-1"]
[WhiteElo "1325"]
[BlackElo "1857"]
[PlyCount "30"]
[EventDate "2012.04.19"]
[EventType "swiss"]
[EventRounds "6"]
[EventCountry "COL"]
[SourceTitle "EXT 2024"]
[Source "ChessBase"]
[SourceDate "2023.10.10"]
[SourceVersion "1"]
[SourceVersionDate "2023.10.10"]
[SourceQuality "1"]

1. e4 c5 2. Nf3 e6 3. d4 cxd4 4. Nxd4 Nf6 5. Nc3 a6 6. Be3 d6 7. e5 dxe5 8. Nb3 Qxd1+ 9. Kxd1 Bb4 10. Bc4 0-0 11. f4 Rd8+ 12. Ke2 Nc6 13. fxe5 Nxe5 14. Nd2 b5 15. Bxb5 axb5 0-1